LEADER 02753nam 2200637 a 450 001 9910139559603321 005 20200520144314.0 010 $a1-283-33321-X 010 $a9786613333216 010 $a1-119-97708-8 010 $a1-119-97709-6 035 $a(CKB)2550000000064098 035 $a(EBL)818581 035 $a(OCoLC)766417675 035 $a(SSID)ssj0000537381 035 $a(PQKBManifestationID)12223695 035 $a(PQKBTitleCode)TC0000537381 035 $a(PQKBWorkID)10553876 035 $a(PQKB)11634457 035 $a(MiAaPQ)EBC818581 035 $a(Au-PeEL)EBL818581 035 $a(CaPaEBR)ebr10512885 035 $a(CaONFJC)MIL333321 035 $a(PPN)188122893 035 $a(EXLCZ)992550000000064098 100 $a20110712d2012 uy 0 101 0 $aeng 135 $aur|n|---||||| 181 $ctxt 182 $cc 183 $acr 200 00$aHandbook of marine macroalgae$b[electronic resource] $ebiotechnology and applied phycology /$f[edited by] Se-Kwon Kim 210 $aHoboken, N.J. $cJohn Wiley & Sons Inc.$d2012 215 $a1 online resource (593 p.) 300 $aIncludes index. 311 $a0-470-97918-6 327 $apt. 1. Introduction to algae and their importance -- pt. 2. Isolation and chemical properties of molecules derived from seaweeds -- pt. 3. Biological properties of molecules derived from seaweeds -- pt. 4. Biotechnology of seaweeds -- pt. 5. Natural resource management and industrial applications of seaweeds. 330 $aThe Handbook of Macroalgae: Biotechnology and Applied Phycology describes the biological, biotechnological and the industrial applications of seaweeds. Vast research into the cultivation of seaweeds is currently being undertaken but there is a lack of methodological strategies in place to develop novel drugs from these sources. This book aims to rectify this situation, providing an important review of recent advances and potential new applications for macroalgae. Focusing on the chemical and structural nature of seaweeds the book brings the potentially valuable bioactive nature to the f 606 $aAlgae$vHandbooks, manuals, etc 606 $aAlgae$xBiotechnology$vHandbooks, manuals, etc 606 $aAlgology$vHandbooks, manuals, etc 606 $aMarine algae culture$vHandbooks, manuals, etc 615 0$aAlgae 615 0$aAlgae$xBiotechnology 615 0$aAlgology 615 0$aMarine algae culture 676 $a579.8/1776 700 $aKim$b Se-Kwon$0780947 701 $aKim$b Se-Kwon$0780947 801 0$bMiAaPQ 801 1$bMiAaPQ 801 2$bMiAaPQ 906 $aBOOK 912 $a9910139559603321 996 $aHandbook of marine macroalgae$91972367 997 $aUNINA LEADER 05384nam 2200577Ia 450 001 9910785745303321 005 20200520144314.0 010 $a1-78402-774-X 010 $a0-8261-0865-2 035 $a(CKB)2670000000242046 035 $a(EBL)1026845 035 $a(OCoLC)815482178 035 $a(SSID)ssj0000720419 035 $a(PQKBManifestationID)12349617 035 $a(PQKBTitleCode)TC0000720419 035 $a(PQKBWorkID)10668241 035 $a(PQKB)10519025 035 $a(Au-PeEL)EBL1026845 035 $a(CaPaEBR)ebr10603011 035 $a(CaONFJC)MIL539543 035 $a(OCoLC)811507223 035 $a(MiAaPQ)EBC1026845 035 $a(EXLCZ)992670000000242046 100 $a20120424d2012 uy 0 101 0 $aeng 135 $aur|n|---||||| 181 $ctxt 182 $cc 183 $acr 200 00$aDisaster nursing and emergency preparedness for chemical, biological, and radiological terrorism and other hazards$b[electronic resource] /$fTener Goodwin Veenema, editor 205 $a3rd ed. 210 $aNew York $cSpringer Pub. Co.$d2012 215 $a1 online resource (xxxv, 764 pages) $cillustrations 300 $aDescription based upon print version of record. 311 $a0-8261-0864-4 320 $aIncludes bibliographical references and index. 327 $aDisaster preparedness. Essentials of disaster planning -- Leadership and coordination in disaster health care systems: the U.S. National response framework -- Emergency health services -- Hospital and emergency department preparedness -- Human services in disasters and public health emergencies: social disruption, individual empowerment, and community resilience -- Disaster mental health. Understanding the psychosocial impact of disasters -- Management of the psychosocial effects of disasters -- American Red Cross disaster health services and disaster nursing: national capability-local community impact -- Disaster management. Legal and ethical issues in disaster response -- Crisis communication: the role of the media -- Disaster management -- Disaster triage -- Emergency medical consequence planning for special events, mass gatherings, and mass casualty incidents -- Management of burn mass casualty incidents -- Traumatic injury due to explosives and blast effects -- Global disasters and complex human emergencies. Natural disasters -- Restoring public health under disaster conditions: basic sanitation, water and food supply, and shelter -- Climate change and the nurse's role in policy and practice -- Environmental disasters and emergencies -- Complex humanitarian emergencies -- Disaster relief nursing in the 21st century -- Disasters caused by chemical, biological, and radiological agents. Biological and chemical terrorism: a unique threat -- Surveillance systems for detection of biological events -- Biological agents of concern -- Early recognition and detection of biological events -- Infectious disease emergencies -- Medical countermeasures dispensing -- Chemical agents of concern -- Decontamination and personal protective equipment -- Radiological incidents and emergencies -- High risk high vulnerability populations. Identifying and accommodating high risk, high vulnerability populations in disasters -- Unique needs of children during disasters and other public health emergencies -- Disaster nursing in schools and other community congregate child care settings -- Care of the pregnant woman and newborn following a disaster -- Caring for patients with HIV and AIDS following a disaster -- Special topics in disasters. Information technology in disaster management -- National nurse preparedness: achieving competency based practice -- The role of the public health nurse in disaster response -- Directions for disaster nursing research and development -- epilogue. Disaster recovery: creating sustainable disaster resistant communities -- Appendix. Public health preparedness and response: core competency model -- Appendix II: Glossary of terms commonly used in disaster preparedness and response -- Appendix III: Patient isolation precautions -- Appendix IV: Federal Emergency Management Agency: emergency response action steps -- Appendix V: Creating a personal disaster plan. 330 $aIn this third edition Dr. Veenema continues her mission to help our nation's nurses develop the knowledge and skills needed to efficiently and effectively respond to disasters. Many times nurses assume that they aren't emergency responders, so they don't need to understand how the system works. When a disaster strikes a community-whether it's a bus accident, a tornado, a hurricane or terrorist attack-nurses will be on the front lines helping those who are in need. To protect themselves, their families and their communities, nurses need to understand the principles and content of this comprehensive textbook. -- Publisher 606 $aDisaster nursing 606 $aEmergency management 615 0$aDisaster nursing. 615 0$aEmergency management. 676 $a616.02/5 701 $aVeenema$b Tener Goodwin$01512250 801 0$bMiAaPQ 801 1$bMiAaPQ 801 2$bMiAaPQ 906 $aBOOK 912 $a9910785745303321 996 $aDisaster nursing and emergency preparedness for chemical, biological, and radiological terrorism and other hazards$93746056 997 $aUNINA